LEADER 01355aam 2200385I 450 001 9910710771803321 005 20160421112335.0 024 8 $aGOVPUB-C13-3230e20fbb70c146b65c89f299b34419 035 $a(CKB)5470000002478587 035 $a(OCoLC)947047665 035 $a(EXLCZ)995470000002478587 100 $a20160421d2004 ua 0 101 0 $aeng 181 $2rdacontent 182 $2rdamedia 183 $2rdacarrier 200 10$aInteger representation of decimal numbers for exact computations /$fJavier Bernal; Christoph Witzgall 210 1$aGaithersburg, MD :$cU.S. Dept. of Commerce, National Institute of Standards and Technology,$d2004. 215 $a1 online resource 225 1 $aNISTIR ;$v7144 300 $a2004. 300 $aContributed record: Metadata reviewed, not verified. Some fields updated by batch processes. 300 $aTitle from PDF title page. 320 $aIncludes bibliographical references. 700 $aBernal$b Javier$01392165 701 $aBernal$b Javier$01392165 701 $aWitzgall$b Christoph$012950 712 02$aNational Institute of Standards and Technology (U.S.) 801 0$bNBS 801 1$bNBS 801 2$bGPO 906 $aBOOK 912 $a9910710771803321 996 $aInteger representation of decimal numbers for exact computations$93487171 997 $aUNINA